| 000 | 00472nam a2200205Ia 4500 | ||
|---|---|---|---|
| 008 | 170918s9999 xx 000 0 und d | ||
| 020 | _a9780547791098 | ||
| 050 | _bS168dr 2006 | ||
| 100 | _aSallis, James | ||
| 245 | _aDrive : | ||
| 245 | _ba novel / | ||
| 245 | _cby James Sallis. | ||
| 250 | _aFirst edition | ||
| 260 | _aNew York : | ||
| 260 | _bMariner Books, | ||
| 260 | _c2006 | ||
| 300 | _a158 pages : | ||
| 300 | _billustrations ; | ||
| 300 | _c20cm. | ||
| 999 |
_c343884 _d343884 |
||